Efectividad de la metodología participativa en el tercer grado de las escuelas del distrito educativo 05-06 San Matías, departamento de La Libertad, durante el período comprendido en Febrero a Mayo de 1998. (Registro nro. 11026)

Detalles MARC
000 -LEADER
fixed length control field 00856nam a2200205Ia 4500
005 - FECHA Y HORA DE LA ÚLTIMA TRANSACCIÓN
control field 20240305141703.0
008 - FIXED-LENGTH DATA ELEMENTS--GENERAL INFORMATION
fixed length control field 240305s9999 xx 000 0 und d
040 ## - CATALOGING SOURCE
Original cataloging agency UPAN
Transcribing agency Biblioteca San Vicente
Description conventions RCAA2
041 ## - LANGUAGE CODE
Language code of text/sound track or separate title spa
082 ## - DEWEY DECIMAL CLASSIFICATION NUMBER
Classification number 371.332
Item number Pla
año de publicación 1998
100 ## - MAIN ENTRY--PERSONAL NAME
Personal name Platero Alemán, Saúl Antonio
Relator code aut.
245 #0 - TITLE STATEMENT
Title Efectividad de la metodología participativa en el tercer grado de las escuelas del distrito educativo 05-06 San Matías, departamento de La Libertad, durante el período comprendido en Febrero a Mayo de 1998.
260 ## - PUBLICATION, DISTRIBUTION, ETC. (IMPRINT)
Place of publication, distribution, etc San Salvador:
Name of publisher, distributor, etc Universidad Panamericana,
Date of publication, distribution, etc 1998
300 ## - PHYSICAL DESCRIPTION
Extent 117 p.;
Dimensions 28 cm.
650 ## - SUBJECT ADDED ENTRY--TOPICAL TERM
Source of heading or term LEMB
Topical term or geographic name as entry element Metodología participativa.
9 (RLIN) 2
700 ## - ADDED ENTRY--PERSONAL NAME
Personal name Ortiz Sibrian, Flor María;
Relator code aut.
700 ## - ADDED ENTRY--PERSONAL NAME
Personal name García González, Abel;
Relator code aut.
700 ## - ADDED ENTRY--PERSONAL NAME
Personal name Ruiz de Rivera, Marlene Eduviges
Relator code aut.
942 ## - ADDED ENTRY ELEMENTS (KOHA)
Koha item type Libros
Source of classification or shelving scheme Dewey Decimal Classification
Existencias
Withdrawn status Lost status Source of classification or shelving scheme Damaged status Not for loan Collection code Home library Current library Date acquired Total Checkouts Full call number Barcode Date last seen Copy number Price effective from Koha item type
    Dewey Decimal Classification     Tesario Biblioteca UPAN San Vicente Biblioteca UPAN San Vicente 05/03/2024   371.332 Pla 12100520 05/03/2024 01 05/03/2024 Trabajos de Grado